| 000 | 00380nam a2200145Ia 4500 | ||
|---|---|---|---|
| 008 | 230917s9999||||xx |||||||||||||| ||und|| | ||
| 040 |
_e108016 _aMAIN |
||
| 041 | _aEnglish | ||
| 082 | _a616.8526 O2P | ||
| 100 | _aOgden, Jane | ||
| 245 | 4 | _aThe Psychology of eating: From healthy to disordered behavior | |
| 260 |
_aMalden _bBlackwell _c2003 |
||
| 300 | _a302 p. | ||
| 942 | _cBK | ||
| 999 |
_c129059 _d129059 |
||